| 000 | 00560nam a22002177a 4500 | ||
|---|---|---|---|
| 003 | UA-OsUOA | ||
| 001 | 47077 | ||
| 007 | ta | ||
| 008 | 20120531b un ||||| |||| 00| 0 ukr d | ||
| 090 |
_a09.-94(477).152 (К) _bН37 |
||
| 942 | _cBR | ||
| 040 |
_aUA-OsUOA _bukr _cUA-OsUOA _dUA-OsUOA |
||
| 245 | _aНаш культурний розвій в Канаді. | ||
| 300 | _a18 с. | ||
| 955 | _a1 | ||
| 041 | _aukr | ||
| 080 | _a09.-94(477).152 (К) | ||
| 260 |
_aВінніпег _c1936 |
||
| 650 | 7 |
_a0 Загальний відділ. _2UDC |
|
| 999 |
_c427194 _d427194 |
||